000 00704nam a22002297a 4500
003 OSt
005 20251010051850.0
008 251010b |||||||| |||| 00| 0 eng d
020 _a978-007-127471-5.
040 _aDWCL-Main lib
_cOC
082 _2Circ. 658.85 J73r 2008
100 _aJohnston, Mark W.
245 _aRelationship selling
260 _aBoston :
_bMcGraw-Hill/Irwin,
_cc2008.
300 _axxvii, 446 pages :
_bcolored illustration ;
_c25 cm.
504 _aIncludes bibliographical references and index.
650 _21. Customer relations.
650 _22. Relationship marketing.
650 _23. Selling.
700 _aMarshall, Greg W.
942 _2ddc
_cBK-CIRC
_e2nd ed.
_kCirc.
_n0
999 _c4823
_d4823